Hacia un derecho administrativo, fiscal y medioambiental romano IV

Detalles Bibliográficos
Autor principal: Gerez Kraemer, Gabriel
Otros Autores: Fernǹdez de Bujǹ y Fernǹdez, Antonio
Formato: eBook
Lenguaje:español
Publicado: Madrid: Dykinson, 2021
Materias:
Acceso en línea:Acceso restringido

MARC

LEADER 00000nam a22000007a 4500
005 20220630221137.0
007 cr|||| ||||
008 220630s2021 es |||||s|||| 00||0 spa d
020 |a 978-84-1377-982-9 
035 |a 36151 
040 |a vLex 
090 |c 13504  |d 13504 
100 1 |a Gerez Kraemer, Gabriel 
245 1 0 |a Hacia un derecho administrativo, fiscal y medioambiental romano IV  |h [Recurso electrn̤ico] /  |c Gabriel Gerez Kraemer, Antonio Fernǹdez de Bujǹ y Fernǹdez 
256 |a Servicio en ln̕ea 
260 |a Madrid:  |b Dykinson,  |c 2021 
300 |a 1 recurso electrn̤ico 
506 1 |a Disponible solo en los productos indicados  |d vLex Global  |d vLex Global (Academic Edition, excluding Law Schools)  |d vLex Global (U.S. Academic Edition, Law Schools)  |d vLex Global (U.S. Academic Edition, excluding Law Schools)  |d vLex Global (Academic Edition, Law Schools) 
650 0 4 |a Derecho Pb︢lico y Administrativo  |z Espaą 
650 0 4 |a Derecho Fiscal  |z Espaą 
650 0 4 |a Derecho Militar  |z Espaą 
700 1 |a Fernǹdez de Bujǹ y Fernǹdez, Antonio 
740 0 |a vLex Libros (Servicio en ln̕ea) 
856 4 0 |u https://app.vlex.com/#/sources/36151  |z Acceso restringido 
942 |c BOOK 
999 0 |a Public and Administrative Law 
999 0 |a Tax Law 
999 0 |a Military Law